| 000 | 00628nam a2200193 i 4500 | ||
|---|---|---|---|
| 001 | 57581 | ||
| 003 | ES-MaACL | ||
| 005 | 20230906163615.0 | ||
| 007 | t| | ||
| 008 | 031017s1933 sp ||||1| spa d | ||
| 100 | 1 |
_aDomínguez García Tejero, Francisco. _945213 |
|
| 245 | 1 | 0 |
_aImplantación de regadíos / _cpor Francisco Domínguez Tejero. |
| 260 |
_aMadrid : _bManuel Marín y G. Campo, _c1933. |
||
| 300 |
_a206 p. : _bil. ; _c15 cm. |
||
| 490 | 1 | _aFuentes de riqueza. Biblioteca agropecuaria | |
| 830 | 0 |
_aFuentes de riqueza. Biblioteca agropecuaria _9182617 |
|
| 852 |
_aES-MaACL _jC-14560 |
||
| 999 |
_c57581 _d57581 |
||